[Event "MEX-ch"]
[Site "Mexico City"]
[Date "2023.11.11"]
[Round "8"]
[White "Luna Javier, Edgar Froylan"]
[Black "Rosas Garcia, Cesar Arturo"]
[Result "1-0"]
[WhiteElo "2184"]
[BlackElo "1971"]
[PlyCount "53"]
[EventDate "2023.11.07"]
[EventType "swiss"]
[EventRounds "9"]
[EventCountry "MEX"]
[SourceTitle "CB46_2023"]
[SourceDate "2023.11.15"]
[SourceVersion "1"]
[SourceVersionDate "2023.11.15"]
[SourceQuality "1"]

1. d4 f5 2. e4 fxe4 3. Nc3 Nf6 4. Bg5 d5 5. Bxf6 exf6 6. Qh5+ g6 7. Qxd5 Bb4 8. Qxe4+ Kf7 9. Bc4+ Kg7 10. 0-0-0 Bxc3 11. bxc3 Re8 12. Qf3 Nd7 13. h4 h5 14. Qg3 Nf8 15. Ne2 Bf5 16. Nf4 Kh7 17. Rhe1 c6 18. d5 b5 19. Bd3 Bxd3 20. Qxd3 Qd6 21. Nxh5 c5 22. Qg3 Qb6 23. Qf3 f5 24. d6 Kh8 25. Re7 Qa5 26. Qe3 Rxe7 27. dxe7 1-0

[Event "Titled Tuesday intern op 20th Jun Early"]
[Site "Chess.com INT"]
[Date "2023.06.20"]
[Round "7"]
[White "Antonio, Jorge Carlos"]
[Black "Luna Javier, Edgar Froylan"]
[Result "1-0"]
[WhiteElo "2277"]
[BlackElo "2180"]
[PlyCount "89"]
[EventDate "2023.06.20"]
[EventType "swiss (blitz)"]
[EventRounds "11"]
[EventCountry "USA"]
[SourceTitle "EXT 2024"]
[Source "ChessBase"]
[SourceDate "2023.10.10"]
[SourceVersion "1"]
[SourceVersionDate "2023.10.10"]
[SourceQuality "1"]

1. d4 Nf6 2. Nf3 g6 3. c4 Bg7 4. Nc3 d5 5. Bg5 Ne4 6. Bf4 Nxc3 7. bxc3 dxc4 8. e3 b5 9. Qb1 c6 10. a4 a6 11. axb5 cxb5 12. Qe4 Ra7 13. Bxb8 Bb7 14. Qf4 Ra8 15. Bc7 Qd5 16. Ba5 0-0 17. Be2 f6 18. e4 Qe6 19. d5 Qd7 20. 0-0 e5 21. Qe3 f5 22. Rfd1 Rae8 23. Ng5 Bh6 24. h4 f4 25. Qh3 Qxh3 26. Nxh3 Bc8 27. f3 Bxh3 28. gxh3 Rf6 29. Bb4 Bf8 30. Bxf8 Kxf8 31. Ra5 Rd6 32. Rda1 Ra8 33. h5 gxh5 34. h4 Ke7 35. Kf2 Rg6 36. Bf1 Kd7 37. Bh3+ Kc7 38. Bf5 Rf6 39. Bxh7 Kb6 40. Bf5 Rf7 41. d6 Rg7 42. d7 b4 43. Rxa6+ Rxa6 44. Rxa6+ Kc7 45. Ra8 1-0

[Event "Mexican op 68th"]
[Site "Mexico City"]
[Date "2023.04.05"]
[Round "2"]
[White "Quesada Perez, Luis Ernesto"]
[Black "Luna Javier, Edgar Froylan"]
[Result "1-0"]
[WhiteElo "2562"]
[BlackElo "2171"]
[PlyCount "67"]
[EventDate "2023.04.04"]
[EventType "swiss"]
[EventRounds "9"]
[EventCountry "MEX"]
[SourceTitle "CBM 213 Extra"]
[Source "ChessBase"]
[SourceDate "2023.05.31"]
[SourceVersion "1"]
[SourceVersionDate "2023.05.31"]
[SourceQuality "1"]

1. e4 c5 2. Nf3 Nc6 3. d4 cxd4 4. Nxd4 g6 5. Nc3 Bg7 6. Be3 Nf6 7. Bc4 0-0 8. Bb3 a5 9. a4 Ng4 10. Nxc6 Nxe3 11. Nxe7+ Qxe7 12. fxe3 Qh4+ 13. Kd2 Bxc3+ 14. bxc3 Qxe4 15. Qf3 Qe5 16. Qf4 d6 17. Rab1 Bd7 18. Rhf1 Bc6 19. g4 Kg7 20. h4 f5 21. g5 Rae8 22. Qd4 Re7 23. Bc4 Rc8 24. Rf4 Bxa4 25. Ra1 b5 26. Bd3 Rc5 27. e4 Rec7 28. exf5 Rxc3 29. f6+ Kf7 30. Ra2 Qe6 31. Rxa4 bxa4 32. Re4 Qa2 33. Re7+ Rxe7 34. Qxc3 1-0

[Event "Mexican op 67th"]
[Site "Chihuahua City"]
[Date "2022.04.17"]
[Round "9"]
[White "Luna Javier, Edgar Froylan"]
[Black "Maass Garza, Gustavo"]
[Result "1-0"]
[WhiteElo "2180"]
[BlackElo "2265"]
[PlyCount "51"]
[EventDate "2022.04.12"]
[EventType "swiss"]
[EventRounds "9"]
[EventCountry "MEX"]
[SourceTitle "CBM 207 Extra"]
[Source "ChessBase"]
[SourceDate "2022.05.31"]
[SourceVersion "1"]
[SourceVersionDate "2022.05.31"]
[SourceQuality "1"]

1. d4 d5 2. c4 Nf6 3. cxd5 Nxd5 4. e4 Nb6 5. Nc3 g6 6. Be3 Bg7 7. Qd2 Nc6 8. 0-0-0 0-0 9. f4 Bg4 10. Nf3 Qd7 11. d5 Na5 12. Bd4 Nac4 13. Bxc4 Nxc4 14. Qd3 Bxf3 15. Bxg7 Kxg7 16. gxf3 Nd6 17. h4 c5 18. h5 b5 19. Rdg1 b4 20. f5 bxc3 21. Qxc3+ f6 22. hxg6 h6 23. Rxh6 Kxh6 24. g7 Nf7 25. f4 Ng5 26. gxf8Q+ 1-0

[Event "Mexican op 67th"]
[Site "Chihuahua City"]
[Date "2022.04.15"]
[Round "6"]
[White "Sandoval Mercado, Carlos"]
[Black "Luna Javier, Edgar Froylan"]
[Result "1-0"]
[WhiteElo "2302"]
[BlackElo "2180"]
[PlyCount "97"]
[EventDate "2022.04.12"]
[EventType "swiss"]
[EventRounds "9"]
[EventCountry "MEX"]
[SourceTitle "CBM 207 Extra"]
[Source "ChessBase"]
[SourceDate "2022.05.31"]
[SourceVersion "1"]
[SourceVersionDate "2022.05.31"]
[SourceQuality "1"]

1. d4 Nf6 2. c4 g6 3. Nf3 Bg7 4. g3 0-0 5. Bg2 c6 6. 0-0 d5 7. cxd5 cxd5 8. Ne5 Nfd7 9. f4 Nxe5 10. fxe5 Nc6 11. Nc3 Be6 12. Kh1 Qd7 13. Bf4 Rfd8 14. Qd2 Rac8 15. Rad1 Bh3 16. Bh6 Bxg2+ 17. Kxg2 Bh8 18. Rf2 f6 19. Qf4 Qe6 20. Rdf1 g5 21. Qd2 Nb8 22. Rf5 b5 23. Qe3 Qc6 24. h4 gxh4 25. e6 h3+ 26. Kxh3 Bg7 27. Bxg7 Kxg7 28. Rh5 Kh8 29. Kg2 Qe8 30. Qh6 Qg8 31. Nxd5 Nc6 32. Rfh1 Qg7 33. Qxh7+ Qxh7 34. Rxh7+ Kg8 35. Nxe7+ Nxe7 36. Rxe7 Rxd4 37. Rhh7 Rg4 38. Rxa7 Re8 39. Rhe7 Rc8 40. Rab7 Rg5 41. Red7 Re8 42. Re7 Rc8 43. Rf7 Rf8 44. Rxf8+ Kxf8 45. Rf7+ Ke8 46. Rxf6 Ke7 47. Rf4 Kxe6 48. g4 Rc5 49. Rf5 1-0

[Event "Mexican op 67th"]
[Site "Chihuahua City"]
[Date "2022.04.13"]
[Round "2"]
[White "Perez Gormaz, Matias Ariel"]
[Black "Luna Javier, Edgar Froylan"]
[Result "1/2-1/2"]
[WhiteElo "2388"]
[BlackElo "2180"]
[PlyCount "115"]
[EventDate "2022.04.12"]
[EventType "swiss"]
[EventRounds "9"]
[EventCountry "MEX"]
[SourceTitle "CBM 207 Extra"]
[Source "ChessBase"]
[SourceDate "2022.05.31"]
[SourceVersion "1"]
[SourceVersionDate "2022.05.31"]
[SourceQuality "1"]

1. e4 c5 2. c3 Nf6 3. e5 Nd5 4. Nf3 Nc6 5. Bc4 e6 6. d4 d6 7. 0-0 dxe5 8. dxe5 Be7 9. Qe2 0-0 10. Rd1 Qc7 11. Bxd5 exd5 12. Rxd5 Be6 13. Rd1 Rad8 14. Rxd8 Rxd8 15. Bf4 Qb6 16. Na3 Bd5 17. h3 Na5 18. b3 Qc6 19. Rd1 a6 20. Nc2 Bxf3 21. Rxd8+ Bxd8 22. Qxf3 Qxf3 23. gxf3 Nc6 24. Bg3 Ba5 25. c4 Bc3 26. f4 Kf8 27. Kf1 f6 28. e6 Nd4 29. Ne3 Bd2 30. f5 Bxe3 31. Bd6+ Ke8 32. fxe3 Nxf5 33. Bxc5 Ng3+ 34. Kg2 Ne4 35. Ba3 b6 36. h4 Nc5 37. e7 h5 38. Kf3 g5 39. b4 g4+ 40. Kf4 Ne6+ 41. Kg3 b5 42. c5 Kxe7 43. e4 Nd4 44. Bb2 Ne2+ 45. Kf2 Nf4 46. Bc3 Ke6 47. a3 Ke7 48. Bd2 Ng6 49. Kg3 Ne5 50. Bc3 Nc4 51. Kf4 Ke6 52. c6 Ne5 53. Bxe5 fxe5+ 54. Kg3 Kd6 55. Kg2 Kxc6 56. Kg3 a5 57. Kg2 Kd7 58. Kg3 1/2-1/2

[Event "Iberoamerican-ch 8th"]
[Site "Mexico City"]
[Date "2022.02.14"]
[Round "4"]
[White "Perez Gormaz, Matias Ariel"]
[Black "Luna Javier, Edgar Froylan"]
[Result "1/2-1/2"]
[WhiteElo "2404"]
[BlackElo "2148"]
[PlyCount "80"]
[EventDate "2022.02.12"]
[EventType "swiss"]
[EventRounds "9"]
[EventCountry "MEX"]
[SourceTitle "CBM 206 Extra"]
[Source "ChessBase"]
[SourceDate "2022.03.31"]
[SourceVersion "1"]
[SourceVersionDate "2022.03.31"]
[SourceQuality "1"]

1. d4 c5 2. c3 d5 3. dxc5 Nf6 4. Nf3 g6 5. b4 Bg7 6. Bb2 Bg4 7. h3 Bxf3 8. exf3 0-0 9. Be2 Nbd7 10. 0-0 e5 11. Nd2 Qc7 12. Qb3 b6 13. cxb6 Nxb6 14. c4 Bh6 15. Rfd1 Bxd2 16. Rxd2 dxc4 17. Rc2 cxb3 18. Rxc7 Nfd5 19. Rb7 Na4 20. axb3 Nxb2 21. Rb1 Rfb8 22. Rd7 Rd8 23. Rxd8+ Rxd8 24. Rxb2 Nxb4 25. Bc4 Rd1+ 26. Kh2 Kg7 27. Re2 Kf6 28. h4 h6 29. g3 Rd4 30. Re1 Rd2 31. Kg1 Nc2 32. Re4 Rd1+ 33. Kh2 Re1 34. Kh3 Rh1+ 35. Kg2 Re1 36. Kh3 Rh1+ 37. Kg2 Re1 38. Kh3 Rxe4 39. fxe4 Ke7 40. Kg4 Nd4 1/2-1/2

[Event "Iberoamerican-ch 8th"]
[Site "Mexico City"]
[Date "2022.02.13"]
[Round "3"]
[White "Luna Javier, Edgar Froylan"]
[Black "Berdayes Ason, Dylan Isidro"]
[Result "1/2-1/2"]
[WhiteElo "2148"]
[BlackElo "2445"]
[PlyCount "71"]
[EventDate "2022.02.12"]
[EventType "swiss"]
[EventRounds "9"]
[EventCountry "MEX"]
[SourceTitle "CBM 206 Extra"]
[Source "ChessBase"]
[SourceDate "2022.03.31"]
[SourceVersion "1"]
[SourceVersionDate "2022.03.31"]
[SourceQuality "1"]

1. d4 Nf6 2. Nf3 d5 3. g3 e6 4. Bg2 b5 5. 0-0 Bb7 6. b3 c5 7. c4 dxc4 8. bxc4 bxc4 9. Qa4+ Nbd7 10. Rd1 Qc7 11. Nc3 Bc6 12. Qxc4 Nb6 13. Qa6 Qc8 14. Qd3 c4 15. Qc2 Bb4 16. Bg5 0-0 17. Bxf6 gxf6 18. Rab1 Ba3 19. Nb5 Be7 20. e4 Rd8 21. d5 exd5 22. Nfd4 Bb7 23. Nf5 Bf8 24. Qc3 Qc6 25. Nbd4 Qc7 26. Qf3 dxe4 27. Qg4+ Kh8 28. Rb5 Rd7 29. Qh4 Qd8 30. Bh3 c3 31. Re1 Rd5 32. Rxd5 Nxd5 33. Rxe4 Nb4 34. Re8 Qxe8 35. Qxf6+ Kg8 36. Qg5+ 1/2-1/2

[Event "Mexican op 66th"]
[Site "Villahermosa"]
[Date "2021.08.07"]
[Round "7"]
[White "Figueredo Losada, Leonel"]
[Black "Luna Javier, Edgar Froylan"]
[Result "1-0"]
[WhiteElo "2340"]
[BlackElo "2191"]
[PlyCount "55"]
[EventDate "2021.08.04"]
[EventType "swiss"]
[EventRounds "8"]
[EventCountry "MEX"]
[SourceTitle "CBM 203 Extra"]
[Source "ChessBase"]
[SourceDate "2021.09.30"]
[SourceVersion "1"]
[SourceVersionDate "2021.09.30"]
[SourceQuality "1"]

1. d4 Nf6 2. Bg5 c5 3. d5 Ne4 4. Bf4 Qb6 5. Nd2 Nxd2 6. Bxd2 Qxb2 7. e4 g6 8. Rb1 Qe5 9. Bd3 Bg7 10. c4 0-0 11. h4 e6 12. Nf3 Qc7 13. h5 exd5 14. exd5 d6 15. Ng5 h6 16. hxg6 hxg5 17. Qh5 Re8+ 18. Kf1 f5 19. Qh7+ Kf8 20. Bxg5 Nd7 21. Bxf5 Ne5 22. Bf6 Bxf6 23. Qxc7 Bxf5 24. Qxd6+ Kg7 25. Rxb7+ Kxg6 26. Rh6+ Kxh6 27. Qxf6+ Bg6 28. f4 1-0

[Event "Mexican op 66th"]
[Site "Villahermosa"]
[Date "2021.08.06"]
[Round "5"]
[White "Vega Castaneda, Ulises Antonio"]
[Black "Luna Javier, Edgar Froylan"]
[Result "0-1"]
[WhiteElo "1949"]
[BlackElo "2191"]
[PlyCount "23"]
[EventDate "2021.08.04"]
[EventType "swiss"]
[EventRounds "8"]
[EventCountry "MEX"]
[SourceTitle "CBM 203 Extra"]
[Source "ChessBase"]
[SourceDate "2021.09.30"]
[SourceVersion "1"]
[SourceVersionDate "2021.09.30"]
[SourceQuality "1"]

1. d4 Nf6 2. Nc3 d5 3. Bg5 Nbd7 4. Nf3 h6 5. Bh4 e6 6. Bxf6 Nxf6 7. Qd3 a6 8. a3 c5 9. e4 cxd4 10. Qxd4 dxe4 11. Qd5 Qd7 12. Qxd7+ 0-1

[Event "Mexico City Fenamac-B 3rd"]
[Site "Mexico City"]
[Date "2021.07.24"]
[Round "6"]
[White "Figueredo Losada, Leonel"]
[Black "Luna Javier, Edgar Froylan"]
[Result "1-0"]
[WhiteElo "2346"]
[BlackElo "2168"]
[PlyCount "154"]
[EventDate "2021.07.21"]
[EventType "tourn"]
[EventRounds "9"]
[EventCountry "MEX"]
[EventCategory "2"]
[SourceTitle "CBM 203 Extra"]
[Source "ChessBase"]
[SourceDate "2021.09.30"]
[SourceVersion "1"]
[SourceVersionDate "2021.09.30"]
[SourceQuality "1"]

1. e4 c5 2. Nc3 Nc6 3. Bb5 Nd4 4. Bc4 g6 5. Nf3 Bg7 6. Nxd4 cxd4 7. Qf3 Nf6 8. Nb5 0-0 9. Nxd4 Ng4 10. Ne6 Ne5 11. Nxd8 Nxf3+ 12. gxf3 Rxd8 13. c3 d6 14. d4 Bh3 15. Rg1 Kf8 16. Be3 a6 17. Ke2 b5 18. Bb3 Rab8 19. a3 a5 20. f4 Bc8 21. f3 e6 22. Bc2 Re8 23. Bd3 d5 24. b3 Bd7 25. Rgc1 Rec8 26. Ra2 Ke8 27. Kd2 Bf8 28. c4 a4 29. c5 b4 30. axb4 axb3 31. Rb2 Rxb4 32. Ra1 Rcb8 33. Kc3 Be7 34. Ra8 Ba4 35. Rxb8+ Rxb8 36. Rb1 f5 37. exd5 exd5 38. Ra1 Bc6 39. Ra6 Kd7 40. Kb2 h5 41. Ra3 Re8 42. Bf2 Bf8 43. Ra7+ Ke6 44. Rc7 Ba4 45. Ra7 Bc6 46. Kxb3 Rb8+ 47. Kc3 Ra8 48. Rxa8 Bxa8 49. Bb5 Be7 50. Be3 Bh4 51. Be8 Kf6 52. Kb4 Be1+ 53. Kb5 Bb7 54. Bd7 Ke7 55. c6 Ba8 56. Bc8 Kd6 57. Bb7 Bxb7 58. cxb7 Kc7 59. Kc5 h4 60. Kxd5 h3 61. Ke6 Bg3 62. Bg1 Bxf4 63. d5 Kxb7 64. d6 Kc6 65. d7 Bc7 66. Be3 Bd8 67. f4 Bh4 68. Bf2 Bd8 69. Bd4 g5 70. Bf6 Bxf6 71. Kxf6 Kxd7 72. Kxg5 Ke6 73. Kg6 Kd5 74. Kxf5 Kd4 75. Kg4 Ke4 76. f5 Ke5 77. Kg5 Kd5 1-0

[Event "Mexico City Fenamac-B 3rd"]
[Site "Mexico City"]
[Date "2021.07.24"]
[Round "7"]
[White "Luna Javier, Edgar Froylan"]
[Black "Gracia Alvarez, Gerardo Antonio"]
[Result "1/2-1/2"]
[WhiteElo "2168"]
[BlackElo "2292"]
[PlyCount "24"]
[EventDate "2021.07.21"]
[EventType "tourn"]
[EventRounds "9"]
[EventCountry "MEX"]
[EventCategory "2"]
[SourceTitle "CBM 203 Extra"]
[Source "ChessBase"]
[SourceDate "2021.09.30"]
[SourceVersion "1"]
[SourceVersionDate "2021.09.30"]
[SourceQuality "1"]

1. d4 Nf6 2. Nf3 g6 3. g3 Bg7 4. Bg2 0-0 5. 0-0 c5 6. c4 cxd4 7. Nxd4 d5 8. cxd5 Nxd5 9. Nb5 Be6 10. Nd4 Bc8 11. Nb5 Be6 12. Nd4 Bc8 1/2-1/2

[Event "FIDE World Cup Mexico Qual"]
[Site "Mexico City"]
[Date "2021.05.29"]
[Round "6"]
[White "Luna Javier, Edgar Froylan"]
[Black "Limon Olmos, Ivan Alonso"]
[Result "1-0"]
[WhiteElo "2141"]
[BlackElo "2154"]
[PlyCount "49"]
[EventDate "2021.05.26"]
[EventType "swiss"]
[EventRounds "9"]
[EventCountry "MEX"]
[SourceTitle "CBM 202 Extra"]
[Source "ChessBase"]
[SourceDate "2021.07.31"]
[SourceVersion "1"]
[SourceVersionDate "2021.07.31"]
[SourceQuality "1"]

1. d4 d5 2. g3 Nf6 3. Bg2 c5 4. Nf3 cxd4 5. 0-0 h6 6. Bf4 g5 7. Bxb8 Rxb8 8. Qxd4 a6 9. c4 dxc4 10. Qxd8+ Kxd8 11. Na3 Ke8 12. Ne5 Bg7 13. Naxc4 Ng4 14. Nd3 b6 15. Rac1 Be6 16. Nb4 b5 17. Na5 Bxb2 18. Rc2 Ba3 19. Nxa6 Rb6 20. Nc7+ Kd7 21. Nxb5 Bd6 22. Bc6+ Rxc6 23. Nxc6 Rc8 24. Rfc1 Ra8 25. Ncd4 1-0

[Event "FIDE World Cup Mexico Qual"]
[Site "Mexico City"]
[Date "2021.05.28"]
[Round "5"]
[White "Cofre Archibold, Nestor"]
[Black "Luna Javier, Edgar Froylan"]
[Result "1/2-1/2"]
[WhiteElo "2279"]
[BlackElo "2141"]
[PlyCount "95"]
[EventDate "2021.05.26"]
[EventType "swiss"]
[EventRounds "9"]
[EventCountry "MEX"]
[SourceTitle "CBM 202 Extra"]
[Source "ChessBase"]
[SourceDate "2021.07.31"]
[SourceVersion "1"]
[SourceVersionDate "2021.07.31"]
[SourceQuality "1"]

1. e4 c5 2. Nf3 Nf6 3. e5 Nd5 4. Nc3 e6 5. Nxd5 exd5 6. d4 d6 7. Bb5+ Bd7 8. Bxd7+ Qxd7 9. 0-0 Nc6 10. Re1 0-0-0 11. exd6 Bxd6 12. dxc5 Bxc5 13. Qd3 f6 14. c3 Rhe8 15. Bd2 Ne5 16. Nxe5 fxe5 17. Bg5 e4 18. Qd2 Rf8 19. Be3 Qc7 20. Bxc5 Qxc5 21. Qe3 Qxe3 22. Rxe3 Kc7 23. Rd1 b5 24. Rh3 h6 25. Rg3 Rd7 26. h3 Rf6 27. Re3 Kc6 28. Re2 Rf5 29. a4 bxa4 30. Rd4 a3 31. bxa3 Rb7 32. Ra4 Rff7 33. c4 d4 34. Rxe4 Rb1+ 35. Kh2 d3 36. Re6+ Kc5 37. Re5+ Kc6 38. Re6+ Kc5 39. Re5+ Kc6 40. Rd5 Rd7 41. Raa5 Rbb7 42. Rac5+ Kb6 43. Rb5+ Ka6 44. Ra5+ Kb6 45. Rab5+ Ka6 46. a4 d2 47. Ra5+ Kb6 48. c5+ 1/2-1/2

[Event "FIDE World Cup Mexico Qual"]
[Site "Mexico City"]
[Date "2021.05.27"]
[Round "2"]
[White "Luna Javier, Edgar Froylan"]
[Black "Ibarra Chami, Luis Fernando"]
[Result "1/2-1/2"]
[WhiteElo "2141"]
[BlackElo "2447"]
[PlyCount "160"]
[EventDate "2021.05.26"]
[EventType "swiss"]
[EventRounds "9"]
[EventCountry "MEX"]
[SourceTitle "CBM 202 Extra"]
[Source "ChessBase"]
[SourceDate "2021.07.31"]
[SourceVersion "1"]
[SourceVersionDate "2021.07.31"]
[SourceQuality "1"]

1. d4 d5 2. Nf3 Nf6 3. g3 e6 4. Bg2 b5 5. 0-0 c5 6. b3 Be7 7. c4 bxc4 8. bxc4 0-0 9. Nc3 Nbd7 10. cxd5 exd5 11. Ne5 Bb7 12. Rb1 Nb6 13. a4 cxd4 14. Qxd4 Qc8 15. a5 Bc5 16. Qh4 Bd6 17. Qd4 Re8 18. Bf4 Bc5 19. Qd1 Bd6 20. Qd4 Bc5 21. Qd2 Nbd7 22. Nd3 Bc6 23. Rfc1 Qa6 24. Na2 Ba3 25. Rc3 Qxa5 26. Rxc6 Qxd2 27. Bxd2 Rxe2 28. Ra6 Bc5 29. Bg5 Bd4 30. Ra4 h6 31. Nac1 Rc2 32. Rxd4 hxg5 33. Nb4 Rb8 34. Ra1 Rc4 35. Rxc4 dxc4 36. Nca2 Nc5 37. Rc1 a5 38. Nd5 Nd3 39. Nxf6+ gxf6 40. Rxc4 Nxf2 41. Nc1 Nd1 42. Bf3 Ne3 43. Rc5 Rb2 44. Rxa5 Rc2 45. Nd3 Kg7 46. Ra3 Nc4 47. Ra7 Rd2 48. Nf2 f5 49. Rc7 Ne5 50. Bb7 Kf6 51. Rc1 Rxf2 52. Kxf2 Nd3+ 53. Ke3 Nxc1 54. h4 gxh4 55. gxh4 Nb3 56. Bd5 Nc5 57. Bc4 Ne6 58. Ba2 Ke5 59. Kf3 Nd4+ 60. Kf2 Kf6 61. Bc4 Nc6 62. Ba2 Ne5 63. Kg3 Nd7 64. Kf4 Ne5 65. Kg3 Nd3 66. Bb1 Nc5 67. h5 Ne6 68. h6 Nf8 69. Kf4 Ng6+ 70. Kg3 Ne7 71. Kf4 Nd5+ 72. Kf3 Ne7 73. Kf4 Ng6+ 74. Kg3 Kg5 75. h7 Kf6 76. Bc2 Kg5 77. Bb1 f4+ 78. Kf3 f5 79. Ba2 Kf6 80. h8Q+ Nxh8 1/2-1/2

[Event "FIDE World Uni Rapid-D 1st"]
[Site "Tornelo INT"]
[Date "2021.03.21"]
[Round "8"]
[White "Luna Javier, Edgar Froylan"]
[Black "Beradze, Irakli"]
[Result "0-1"]
[WhiteElo "2114"]
[BlackElo "2475"]
[PlyCount "100"]
[EventDate "2021.03.20"]
[EventType "swiss (rapid)"]
[EventRounds "12"]
[EventCountry "NET"]
[SourceTitle "EXT 2022"]
[Source "ChessBase"]
[SourceDate "2021.10.06"]
[SourceVersion "1"]
[SourceVersionDate "2021.10.06"]
[SourceQuality "1"]

1. d4 Nf6 2. c4 e6 3. g3 Bb4+ 4. Bd2 c5 5. Nf3 b6 6. Bg2 Bb7 7. 0-0 0-0 8. Bg5 cxd4 9. Qxd4 Nc6 10. Qd3 h6 11. Bf4 d5 12. a3 Be7 13. Nc3 Na5 14. Ne5 dxc4 15. Qxd8 Rfxd8 16. Bxb7 Nxb7 17. Nxc4 Rac8 18. Ne5 Bd6 19. Nb5 Bb8 20. Nd3 Bxf4 21. Nxf4 e5 22. Nd3 e4 23. Nf4 a6 24. Nc3 Rd2 25. Rac1 Rcd8 26. b4 Nd6 27. Rfd1 Nf5 28. Rxd2 Rxd2 29. Rd1 Rxd1+ 30. Nxd1 g5 31. Ng2 Nd4 32. Kf1 Nc2 33. Nge3 Nxa3 34. Nc3 Kf8 35. Ke1 Ke8 36. Kd2 Kd7 37. g4 Kc6 38. h3 Nb5 39. Nf5 Nxc3 40. Kxc3 h5 41. gxh5 Nxh5 42. e3 Nf6 43. Kc4 Nd7 44. Ne7+ Kd6 45. Nc8+ Ke6 46. b5 a5 47. Na7 f5 48. Nc6 Ne5+ 49. Kc3 Nxc6 50. bxc6 Kd6 0-1

[Event "FIDE World Uni Rapid-D 1st"]
[Site "Tornelo INT"]
[Date "2021.03.21"]
[Round "12"]
[White "Sargsyan, Anna M"]
[Black "Luna Javier, Edgar Froylan"]
[Result "1-0"]
[WhiteElo "2380"]
[BlackElo "2114"]
[PlyCount "53"]
[EventDate "2021.03.20"]
[EventType "swiss (rapid)"]
[EventRounds "12"]
[EventCountry "NET"]
[SourceTitle "EXT 2022"]
[Source "ChessBase"]
[SourceDate "2021.10.06"]
[SourceVersion "1"]
[SourceVersionDate "2021.10.06"]
[SourceQuality "1"]

1. d4 Nf6 2. c4 g6 3. g3 d5 4. cxd5 Nxd5 5. Bg2 Bg7 6. e4 Nb6 7. Ne2 c5 8. d5 e6 9. Nbc3 exd5 10. exd5 0-0 11. 0-0 Bg4 12. Be3 Re8 13. Rc1 Nc4 14. Bxc5 Bxc3 15. f3 Qa5 16. Bf2 Nxb2 17. Qc2 Rxe2 18. Qxe2 Bd7 19. Qe3 Bd2 20. Qb3 Qb4 21. Rc2 Na4 22. Rxd2 Na6 23. Qxb4 Nxb4 24. a3 Na6 25. Rc1 Nb6 26. f4 Re8 27. d6 1-0

[Event "FIDE World Uni Blitz-C 1st"]
[Site "Tornelo INT"]
[Date "2021.03.13"]
[Round "4.38"]
[White "Membrere, Merlene"]
[Black "Luna Javier, Edgar Froylan"]
[Result "0-1"]
[WhiteElo "1571"]
[BlackElo "2114"]
[PlyCount "70"]
[EventDate "2021.03.13"]
[EventType "swiss (blitz)"]
[EventRounds "10"]
[EventCountry "NET"]
[SourceTitle "EXT 2022"]
[Source "ChessBase"]
[SourceDate "2021.10.06"]
[SourceVersion "1"]
[SourceVersionDate "2021.10.06"]
[SourceQuality "1"]

1. f4 Nf6 2. Nf3 g6 3. g3 Bg7 4. Bg2 0-0 5. d3 d5 6. c3 c5 7. 0-0 Nc6 8. Qe1 Re8 9. e4 e5 10. fxe5 Nxe5 11. Nxe5 Rxe5 12. Bf4 Re8 13. e5 d4 14. Qd1 Nd5 15. Re1 Bf5 16. g4 Nxf4 17. gxf5 Qg5 18. Qf3 Rxe5 19. Nd2 Rae8 20. Ne4 Qxf5 21. Rf1 Nxg2 22. Qxg2 Qh5 23. Kh1 dxc3 24. bxc3 c4 25. Qf2 R8e7 26. Ng3 Qh3 27. d4 R5e6 28. Rab1 h5 29. Rfe1 h4 30. Ne2 Bh6 31. Ng1 Qg4 32. Rxe6 Rxe6 33. Rf1 Re7 34. d5 h3 35. Qf6 Qg2# 0-1